La forja tradicional en Maragatería / (Record no. 182394)

MARC details
000 -LEADER
campo de control de longitud fija 00675nam a2200193 i 4500
001 - NÚMERO DE CONTROL
campo de control 182394
003 - IDENTIFICADOR DE NÚMERO DE CONTROL
campo de control ES-MaACL
005 - FECHA Y HORA DE LA ÚLTIMA TRANSACCIÓN
campo de control 20231214063036.0
008 - DATOS DE LONGITUD FIJA--INFORMACIÓN GENERAL
campo de control de longitud fija 130808s1991 sp a |||| | spa d
100 1# - ENTRADA PRINCIPAL--NOMBRE DE PERSONA
Nombre de persona Botas San Martín, Isabel
9 (RLIN) 30739
245 13 - MENCIÓN DEL TÍTULO
Título La forja tradicional en Maragatería /
Mención de responsabilidad, etc. Isabel Botas San Martín.
260 ## - PUBLICACIÓN, DISTRIBUCIÓN, ETC.
Lugar de publicación, distribución, etc. León :
Nombre del editor, distribuidor, etc. Tierras de León,
Fecha de publicación, distribución, etc. 1991.
300 ## - DESCRIPCIÓN FÍSICA
Extensión [20] p. :
Otras características físicas il. ;
Dimensiones 28 cm.
595 ## -
-- Publicado en la revista Tierras de León, n. 81-82.
650 #4 - PUNTO DE ACCESO ADICIONAL DE MATERIA--TÉRMINO DE MATERIA
Término de materia o nombre geográfico como elemento de entrada Herrería-
Subdivisión geográfica Maragatería.
9 (RLIN) 163493
651 #4 - PUNTO DE ACCESO ADICIONAL DE MATERIA--NOMBRE GEOGRÁFICO
Nombre geográfico Maragatería (León, Comarca)-
Subdivisión general Usos y costumbres.
9 (RLIN) 163492
852 ## - LOCALIZACIÓN
Ubicación ES-MaACL
Número de control de estantería 2323-F-5
Holdings
Estatus retirado Estado de pérdida Estado de daño No para préstamo Colección Biblioteca de origen Biblioteca actual Ubicación en estantería Fecha de adquisición Fuente de adquisición Total de préstamos Signatura topográfica completa Código de barras Visto por última vez Precio de reemplazo Tipo de ítem Koha
        Colección de folletos Biblioteca del Ateneo de Madrid Biblioteca del Ateneo de Madrid Depósito folletos 08/08/2013     2323-F-5 1191672 23/02/2023 23/02/2023 Folleto